[Event "EuTCh"]
[Site "Plovdiv BUL"]
[Date "2003.10.13"]
[Round "3"]
[White "Kett,T"]
[Black "Mitkov,N"]
[Result "1/2-1/2"]
[WhiteElo "2145"]
[BlackElo "2530"]

1.e4 d6 2.d4 Nf6 3.Nc3 e5 4.dxe5 dxe5 5.Qxd8+ Kxd8 6.Bc4 Ke8 7.Nf3 Bd6 8.Be3 a6
9.a4 Nc6 10.O-O-O h6 11.h3 Na5 12.Ba2 Bd7 13.g4 b5 14.axb5 axb5 15.Nd2 Nb7
16.Kb1 c6 17.f3 Ke7 18.h4 Ra6 19.Bb3 Nc5 20.g5 Nh5 21.gxh6 gxh6 22.Rh2 Nf4
23.Ne2 Rha8 24.Kc1 Ra1+ 25.Nb1 Nxb3+ 26.cxb3 Rg8 27.Nxf4 exf4 28.Bd4 Be6
29.Kc2 Rg3 30.Rd3 Ra8 31.Rhd2 Rag8 32.Bf2 Be5 33.Nc3 Rh3 34.Na2 f6 35.Nb4 Kf7
36.Na6 Rh2 37.Nc5 Rgg2 38.Nxe6 Kxe6 39.Be1 Rxd2+ 40.Rxd2 Rh3 41.Rd3 f5 42.exf5+ Kxf5
43.b4 Rh1 44.Bc3 Rxh4 45.Rd8 Bxc3 46.bxc3 Ke5 47.Kd3 Rh1 48.Re8+ Kf5 49.Rf8+ Ke5
50.Re8+ Kd6 51.Rf8 h5 52.Rf6+ Kd5 53.Rxf4 h4 54.Rf5+ Ke6 55.Rh5 h3 56.Kd4 Rd1+
57.Ke4 Re1+ 58.Kd4 Rd1+ 59.Ke4 Rh1 60.Kd4 h2 61.Kc5 Rc1 62.Rh6+ Ke5 63.Rh5+ Ke6
64.Rh6+ Ke5 65.Rh5+ Kf4 66.Rxh2 Rxc3+ 67.Kb6 Rc4 68.Rh6 Kxf3 69.Rxc6 Rxb4
70.Rc5  1/2-1/2

[Event "ch-Africa"]
[Site "Abuja NGR"]
[Date "2003.10.14"]
[Round "6"]
[White "Olape,B"]
[Black "El Taher,F"]
[Result "0-1"]
[WhiteElo "2273"]
[BlackElo "2505"]

1.e4 d6 2.d4 Nf6 3.Nc3 Nbd7 4.Nf3 e5 5.Bc4 Be7 6.dxe5 dxe5 7.O-O O-O 8.Qe2 c6
9.Bg5 h6 10.Bd2 Qc7 11.Rad1 Nc5 12.Be3 b5 13.Bb3 a5 14.Bxc5 Bxc5 15.a4 b4
16.Nb1 Nh5 17.Nh4 Nf4 18.Qf3 Ba6 19.Rfe1 Rad8 20.Nd2 Qe7 21.Nf5 Qg5 22.Nc4 Kh7
23.h4 Qf6 24.Nce3 Bxe3 25.Rxd8 Bxf2+ 26.Qxf2 Rxd8 27.Kh2 Bc8 28.Ne3 Be6 29.g3 Bxb3
30.cxb3 Nh5 31.Qxf6 Rd2+ 32.Kh3 Nxf6 33.Nc4 Rc2 34.g4 Nd7 35.Nxa5 Rxb2 36.Rc1 c5
37.Kg3 Rd2 38.Kf3 Rd3+ 39.Kg2 Rc3 40.Rf1 Nf6 41.g5 hxg5 42.hxg5 Nxe4 43.Rxf7 Kg6
44.Re7 Kf5 45.Nc4  0-1

[Event "ch-Africa"]
[Site "Abuja NGR"]
[Date "2003.10.14"]
[Round "6"]
[White "Agnelio,A"]
[Black "Van den Heever,D"]
[Result "0-1"]
[WhiteElo "2254"]
[BlackElo "2035"]

1.e4 d6 2.d4 Nf6 3.Nc3 c6 4.f4 Qa5 5.Bd3 e5 6.Nf3 Bg4 7.dxe5 dxe5 8.fxe5 Nfd7
9.O-O Nxe5 10.Be2 Bxf3 11.gxf3 g5 12.Kh1 Be7 13.Be3 Nbd7 14.Qd2 h6 15.a3 Bc5
16.f4 Bxe3 17.Qxe3 gxf4 18.Qxf4 Qc5 19.Qh4 Qe7 20.Qf2 Qc5 21.Qg3 O-O-O 22.b4 Qe7
23.b5 Rhg8 24.Qh3 Rg6 25.bxc6 bxc6 26.Rab1 Kc7 27.Ba6 Nc5 28.Be2 Rd2 29.Rf5 Rxc2
30.Qe3 f6 31.Bd1  0-1

[Event "EuTCh"]
[Site "Plovdiv BUL"]
[Date "2003.10.14"]
[Round "4"]
[White "Flear,G"]
[Black "Papatryfonos,C"]
[Result "1-0"]
[WhiteElo "2516"]
[BlackElo "2111"]

1.d4 d6 2.e4 Nf6 3.Nc3 c6 4.f4 Qa5 5.Bd3 e5 6.Nf3 Bg4 7.Be3 Nbd7 8.O-O Be7
9.h3 Bxf3 10.Qxf3 O-O 11.Ne2 c5 12.dxe5 dxe5 13.Nc3 Rac8 14.Bb5 c4 15.Rad1 Rfd8
16.Nd5 Nxd5 17.Rxd5 Nf6 18.Rxe5 Bd6 19.Rf5 g6 20.Rxf6 Qxb5 21.f5 Qe5 22.fxg6 fxg6
23.Qg4 Rf8 24.Rxf8+ Rxf8 25.Rxf8+ Bxf8 26.c3 Be7 27.Qc8+  1-0

[Event "EuTCh"]
[Site "Plovdiv BUL"]
[Date "2003.10.14"]
[Round "4"]
[White "Upton,T"]
[Black "Dizdarevic,E"]
[Result "0-1"]
[WhiteElo "2287"]
[BlackElo "2507"]

1.e4 d6 2.d4 Nf6 3.Nc3 e5 4.Nf3 Nbd7 5.Bc4 Be7 6.O-O c6 7.a4 Qa5 8.Qe2 O-O
9.Ba2 exd4 10.Nxd4 Re8 11.Be3 Bf8 12.f3 Ne5 13.Rad1 Ng6 14.Qf2 Be6 15.Nxe6 fxe6
16.Bd4 Kh8 17.Bxf6 gxf6 18.f4 d5 19.Kh1 f5 20.exd5 exd5 21.g4 fxg4 22.f5 Ne5
23.f6 Qb6 24.Qf5 Qc7 25.Rd2 Qd7 26.f7 Qxf5 27.Rxf5 Re7 28.Re2 Bg7 29.Nd1 Rf8
30.c4 Rfxf7 31.Rxf7 Rxf7  0-1

[Event "EuTCh"]
[Site "Plovdiv BUL"]
[Date "2003.10.14"]
[Round "4"]
[White "Thorhallsson,T"]
[Black "Agrest,E"]
[Result "1-0"]
[WhiteElo "2444"]
[BlackElo "2605"]

1.e4 d6 2.d4 Nf6 3.Nc3 e5 4.Nf3 Nbd7 5.Bc4 Be7 6.O-O O-O 7.Re1 c6 8.a4 a5
9.Bg5 h6 10.Bh4 Qb6 11.Rb1 Re8 12.h3 exd4 13.Nxd4 Ne5 14.Be2 Ng6 15.Bg3 Bf8
16.Bf1 Bd7 17.Kh1 Rad8 18.f3 Bc8 19.Bf2 Qc7 20.Qd2 Nh5 21.Nde2 Be7 22.Rbd1 Bg5
23.Qd4 Ne5 24.Qb6 Qe7 25.Ng3 Nf4 26.Nf5 Bxf5 27.exf5 Qf6 28.Ne4 Qxf5 29.Nxd6 Qxc2
30.Rc1 Qxa4 31.Nxe8 Rxe8 32.Re4 Qa2 33.Bc4 Nxc4 34.Rxe8+ Kh7 35.Qd4 Nxb2
36.Qe4+ Ng6 37.Be3 Bxe3 38.Qxe3 a4 39.Rb8 Nc4 40.Qe8 Nge5 41.Qh8+ Kg6 42.Rg8 Kf6
43.Qxg7+ Ke6 44.Re8+ Kd7 45.Qf8 Qf2 46.Rd8+ Ke6 47.Qxh6+ Ke7 48.Qg5+ f6 49.Qg7+ Ke6
50.Re8+ Kf5 51.Qh7+ Kf4 52.Qh6+ Kf5  1-0

[Event "ch-Africa"]
[Site "Abuja NGR"]
[Date "2003.10.15"]
[Round "7"]
[White "Haddouche,M"]
[Black "Kobese,W"]
[Result "1-0"]
[WhiteElo "2161"]
[BlackElo "2404"]

1.e4 d6 2.d4 Nf6 3.Nc3 e5 4.Nf3 Nbd7 5.Bc4 Be7 6.O-O O-O 7.h3 c6 8.a4 Qc7
9.Ba2 b6 10.Qe2 Bb7 11.dxe5 dxe5 12.Nh4 g6 13.Bh6 Nc5 14.Bxf8 Rxf8 15.b4 Na6
16.Bc4 Nxb4 17.Rad1 a6 18.Nf3 b5 19.Bb3 Kg7 20.Rd2 Nd7 21.Rfd1 Nc5 22.Qe3 Bc8
23.axb5 axb5 24.Ne2 Nxb3 25.Qxb3 Be6 26.Qb2 f6 27.Ra1 Bc8 28.Nc1 Na6 29.Nd3 Qb7
30.Rb1 b4 31.Rdd1 c5 32.c3 Qxe4 33.cxb4 cxb4 34.Nde1 Qb7 35.Rbc1 b3 36.Rc3 Be6
37.Nd3 Rd8 38.Ra1 e4 39.Nf4 Bf7 40.Ng5 Rb8 41.Nfe6+ Bxe6 42.Nxe6+ Kf7 43.Nd4 Nc5
44.Nxb3 Qd5 45.Qd2 Nd3 46.Ra5 Qe6 47.Ra7 Rxb3 48.Rcc7 Rb1+ 49.Kh2 Qe5+ 50.g3 Rb2
51.Rxe7+ Qxe7 52.Rxe7+ Kxe7 53.Qe3 Rxf2+ 54.Kg1 f5 55.Qa7+ Kf6 56.Qxh7 e3
57.Qh8+ Ke7 58.Qg7+ Ke6 59.Qxg6+ Ke5 60.Qg7+ Ke4 61.Qb7+ Kd4 62.Qb6+ Nc5
63.Qd6+ Kc4 64.Qe5 e2 65.Qxc5+ Kxc5 66.Kxf2 Kd4 67.Kxe2 Ke4 68.Kf2 Ke5 69.Kf3 Ke6
70.Kf4 Kf6 71.h4 Kg6 72.Ke5  1-0

[Event "EuTCh"]
[Site "Plovdiv BUL"]
[Date "2003.10.15"]
[Round "5"]
[White "Collins,S IRL"]
[Black "Georgiev,Vl"]
[Result "0-1"]
[WhiteElo "2387"]
[BlackElo "2596"]

1.e4 d6 2.d4 Nf6 3.Nc3 e5 4.Nf3 Nbd7 5.Bc4 Be7 6.O-O O-O 7.Re1 c6 8.a4 b6
9.b3 Bb7 10.Bb2 a6 11.Bd3 Re8 12.Ne2 Bf8 13.Ng3 Qc7 14.h3 Rad8 15.Qc1 g6
16.a5 b5 17.c4 b4 18.Qd2 exd4 19.Nxd4 Bg7 20.Ndf5 gxf5 21.Nxf5 Re5 22.Re3 Rxf5
23.exf5 h6 24.Rg3 d5 25.cxd5 Qd6 26.Re1 cxd5 27.Bd4 Kf8 28.Qb2 Rc8 29.Rf3 Rc3
30.Bxc3 bxc3 31.Qxc3 d4 32.Qc1 Ne5 33.Rg3 Nh5 34.Be4 Bxe4 35.Qc8+ Ke7 36.Rxg7 Nxg7
37.Rxe4 d3 38.f4 d2 39.fxe5 d1=Q+ 40.Kh2 Qd8 41.f6+ Kf8 42.Qc5+ Kg8 43.Rg4 Qxg4
44.hxg4 Ne6 45.b4  0-1

[Event "ch-Africa"]
[Site "Abuja NGR"]
[Date "2003.10.16"]
[Round "8"]
[White "Adebayo,A"]
[Black "Aderito,P"]
[Result "0-1"]
[WhiteElo "2248"]
[BlackElo "2285"]

1.d4 Nf6 2.Nc3 d6 3.e4 c6 4.f4 Qa5 5.Bd3 e5 6.dxe5 dxe5 7.fxe5 Ng4 8.Nf3 Nxe5
9.Nxe5 Qxe5 10.O-O Bd6 11.Bf4 Qc5+ 12.Kh1 Bxf4 13.Rxf4 Qe5 14.Qf3 Be6 15.Rf1 Nd7
16.Qf2 O-O 17.Nd1 Nc5 18.Qe3 Rad8 19.b3 Qd4 20.Qxd4 Rxd4 21.Nb2 g5 22.R4f3 Nxe4
23.Re3 Nc5 24.Bc4 h6 25.Bxe6 Nxe6 26.Nc4 Rfd8 27.Kg1 Rd1 28.Rxd1 Rxd1+ 29.Kf2 Kf8
30.Rh3 Kg7 31.Ne3 Rd8 32.g4 Rh8 33.Nf5+ Kg6 34.Nd6 b6 35.b4 c5 36.Ra3 Rd8
37.Nc4 Rd4 38.Ne5+ Kf6 39.Nc6 Rxg4 40.b5 Rc4 41.c3 Nc7 42.Nxa7 Ke6 43.Ke2 Rh4
44.Kf1 Kd5 45.Kg2 c4 46.Ra4 Kc5 47.Rb4 Nd5 48.Rb2 Nxc3 49.h3 Re4 50.Rf2 Rf4
51.Rb2 f5 52.Kg3 h5 53.Kg2 Re4 54.Nc8 Re2+ 55.Rxe2 Nxe2 56.Ne7 Nd4  0-1

[Event "EuTCh"]
[Site "Plovdiv BUL"]
[Date "2003.10.17"]
[Round "6"]
[White "Mannion,S"]
[Black "Antoniou,A"]
[Result "1-0"]
[WhiteElo "2348"]
[BlackElo "2208"]

1.d4 d6 2.e4 Nf6 3.Nc3 c6 4.f4 Qa5 5.e5 Ne4 6.Qf3 d5 7.Bd3 Na6 8.Ne2 g6 9.O-O Nxc3
10.bxc3 e6 11.c4 Bd7 12.Rb1 O-O-O 13.Be3 Nc7 14.c5 b6 15.Rb3 bxc5 16.Rfb1 Be8
17.c4 cxd4 18.Nxd4 Na6 19.cxd5 exd5 20.Bd2 Qa4 21.Bxa6+  1-0

[Event "EuTCh"]
[Site "Plovdiv BUL"]
[Date "2003.10.17"]
[Round "6"]
[White "Shirov,A"]
[Black "Azmaiparashvili,Z"]
[Result "1/2-1/2"]
[WhiteElo "2737"]
[BlackElo "2693"]

1.e4 d6 2.d4 Nf6 3.Nc3 e5 4.Nf3 Nbd7 5.g4 Nxg4 6.Rg1 Ngf6 7.Bc4 h6 8.Be3 c6
9.Qd3 Qc7 10.O-O-O b5 11.Bxb5 cxb5 12.dxe5 dxe5 13.Nxb5 Qa5 14.Qc4 Rb8 15.a4 Qb4
16.Nxe5 Qxc4 17.Nxc4 a6 18.Nbd6+ Bxd6 19.Nxd6+ Kf8 20.f4 Bb7 21.e5 Ne8 22.Nxe8 Kxe8
23.Rxg7 Bc8 24.Rd6 Kf8 25.Rg1 Rg8 26.Rxg8+ Kxg8 27.Rxh6 Nf8 28.Rd6 Ra8 29.c4 Be6
30.b3 Kg7 31.Kb2 Kg6 32.h4 Kh5 33.Kc3 Ng6 34.b4 Nxh4 35.Bc1 Rc8 36.c5 a5
37.Rb6 Nf5 38.Ba3 Ne3 39.bxa5 Nd5+ 40.Kd3 Nxb6 41.axb6 Bd5 42.a5 Ra8 43.Kd4 Bc6
44.Bb4 Kg6 45.e6 f6 46.f5+ Kxf5 47.e7 Ke6 48.a6 Kxe7 49.b7 Rd8+ 50.Kc4 Kd7
51.Bc3 Rf8 52.Bxf6  1/2-1/2

[Event "EuTCh"]
[Site "Plovdiv BUL"]
[Date "2003.10.17"]
[Round "6"]
[White "Pavlovic,Mi"]
[Black "Georgiev,Vl"]
[Result "1-0"]
[WhiteElo "2593"]
[BlackElo "2596"]

1.e4 d6 2.d4 Nf6 3.Nc3 e5 4.Nf3 Nbd7 5.Bc4 Be7 6.O-O O-O 7.a4 c6 8.Re1 b6
9.Ba2 a6 10.Bg5 h6 11.Bh4 Nh5 12.Bxe7 Qxe7 13.Nxe5 dxe5 14.Qxh5 exd4 15.Ne2 Nf6
16.Qh4 Qe5 17.Nc1 a5 18.f3 Ba6 19.Nd3 Qg5 20.Qf2 Bxd3 21.cxd3 Nh5 22.Kh1 Nf4
23.Rad1 Rad8 24.g3 Ne6 25.f4 Qh5 26.Qg2 Nc5 27.g4 Qh4 28.Rf1 Rd6 29.Rf3 Qe7
30.Rg1 g6 31.e5 Rdd8 32.f5 g5 33.Re1 Kh7 34.f6 Qd7 35.Rh3 Rh8 36.Rc1 Rde8
37.Rxc5 bxc5 38.Qe4+  1-0

[Event "4NCL"]
[Site "West Bromwich ENG"]
[Date "2003.10.18"]
[Round "1"]
[White "Tan,D"]
[Black "Purton,B"]
[Result "1-0"]
[WhiteElo "2332"]
[BlackElo "2121"]

1.e4 d6 2.d4 Nf6 3.Nc3 c6 4.h3 Nbd7 5.Nf3 e5 6.a4 Be7 7.Bc4 O-O 8.Qe2 exd4
9.Nxd4 d5 10.exd5 cxd5 11.Bb3 Bc5 12.Qd1 Re8+ 13.Be3 Bb4 14.O-O Bxc3 15.bxc3 Nc5
16.Qf3 Nxb3 17.cxb3 Ne4 18.Rac1 a6 19.Rfd1 Bd7 20.Ne2 Qf6 21.Qxf6 Nxf6 22.Nf4 Bc6
23.Bd4 Ne4 24.f3 Ng3 25.Kf2 g5 26.Kxg3 gxf4+ 27.Kxf4 Re2 28.Re1 Rxg2 29.Rg1 Rg6
30.h4 f6 31.Rxg6+ hxg6 32.Bxf6 Kf7 33.Be5 Re8 34.Rg1 Rf8 35.Ke3 Bd7 36.Kd4 Re8
37.Rg5 Bc6 38.f4 Rg8 39.Kc5 Rc8 40.Kb6 Rg8 41.Rg1 Re8 42.Ra1 Re6 43.Kc5 Ke7
44.b4 b6+ 45.Kd4 Bb7 46.b5 axb5 47.axb5 Kd7 48.Rg1 Ke8 49.Rg5 Kd7 50.h5 gxh5
51.Rxh5 Re7 52.Rh6 Re6 53.Rh7+  1-0

[Event "EuTCh w"]
[Site "Plovdiv BUL"]
[Date "2003.10.19"]
[Round "8"]
[White "Koskoska,G"]
[Black "Moser,E"]
[Result "0-1"]
[WhiteElo "2240"]
[BlackElo "2339"]

1.e4 d6 2.d4 Nf6 3.Nc3 Nbd7 4.Nf3 e5 5.Bc4 Be7 6.O-O O-O 7.Re1 c6 8.a4 Qc7
9.Bg5 h6 10.Bh4 Nb6 11.Ba2 Bg4 12.dxe5 dxe5 13.Bg3 Nbd7 14.h3 Bh5 15.Qd3 Rad8
16.Rad1 Qb6 17.Qc4 Bxf3 18.gxf3 Nh5 19.Ne2 Bc5 20.Kg2 Nxg3 21.fxg3 Qxb2 22.Bb3 Qa3
23.Nc1 Nb6 24.Qf1 Bd4 25.Rd3 Qe7 26.c3 Bc5 27.Red1 a5 28.Qe2 Bd6 29.R1d2 Bc7
30.Qd1 Rxd3 31.Rxd3 Qc5 32.Qd2 Nc4 33.Qf2 Qxf2+ 34.Kxf2 Nd6 35.Rd1 Re8 36.Nd3 b5
37.Ke2 Kf8 38.Nc5 Ke7 39.axb5 cxb5 40.Rd5 f6 41.Rd1 Bb6 42.Nd3 Rc8 43.Kd2 Kd7
44.Bd5 Nc4+ 45.Bxc4 Rxc4 46.Rb1 b4 47.cxb4 axb4 48.Rb3 Ba5 49.Nc1 Kc6 50.Ne2 Kb5
51.Kd3 Rc7 52.f4 Ka4 53.Rb1 b3 54.g4 Rc2 55.fxe5 fxe5 56.h4 Rd2+ 57.Ke3 b2
58.Nc1 bxc1=Q 59.Rxc1 Rh2 60.Rc5 Bb6  0-1

[Event "4NCL"]
[Site "West Bromwich ENG"]
[Date "2003.10.19"]
[Round "2"]
[White "Wheeler,D"]
[Black "Purton,B"]
[Result "1-0"]
[WhiteElo "2243"]
[BlackElo "2121"]

1.e4 d6 2.d4 Nf6 3.Nc3 c6 4.a4 Nbd7 5.f3 e5 6.Be3 Be7 7.Bc4 O-O 8.Nge2 a6
9.Bb3 b6 10.O-O Bb7 11.d5 cxd5 12.Nxd5 Nxd5 13.Bxd5 Bxd5 14.Qxd5 Qc7 15.Nc3 Rfd8
16.Qb3 Nc5 17.Qc4 Qb7 18.Qd5 Qc7 19.Qd2 Rab8 20.Nd5 Qd7 21.b4 Ne6 22.Nxb6 Qc6
23.a5 Nc7 24.c4 f5 25.Qd3 Bf6 26.Rab1 Qb7 27.Rfd1 Kh8 28.exf5 d5 29.Nxd5 Nxd5
30.cxd5 Rbc8 31.Bc5 Rd7 32.d6  1-0

[Event "EuTCh w"]
[Site "Plovdiv BUL"]
[Date "2003.10.20"]
[Round "9"]
[White "Djingarova,E"]
[Black "Mira,H"]
[Result "1-0"]
[WhiteElo "2329"]
[BlackElo "2098"]

1.e4 d6 2.d4 Nf6 3.Nc3 c6 4.Nf3 Bg4 5.h3 Bh5 6.Qe2 Nbd7 7.g4 Bg6 8.e5 dxe5
9.dxe5 Nd5 10.Nxd5 cxd5 11.e6 fxe6 12.Qxe6 Bf7 13.Qe2 Qc7 14.Ng5 e5 15.Nxf7 Kxf7
16.Qf3+ Nf6 17.g5 e4 18.Qb3 Bc5 19.gxf6 e3 20.Qxd5+ Kxf6 21.Qf3+ Ke7 22.Bxe3  1-0

[Event "EuTCh"]
[Site "Plovdiv BUL"]
[Date "2003.10.20"]
[Round "9"]
[White "Macieja,B"]
[Black "Azmaiparashvili,Z"]
[Result "1/2-1/2"]
[WhiteElo "2635"]
[BlackElo "2693"]

1.e4 d6 2.d4 Nf6 3.Nc3 e5 4.Nf3 Nbd7 5.Bc4 Be7 6.O-O O-O 7.a4 c6 8.Re1 b6
9.d5 cxd5 10.Nxd5 Bb7 11.b3 Rc8 12.Re2 Nxd5 13.Bxd5 Bxd5 14.Qxd5 Nf6 15.Qd1 d5
16.exd5 e4 17.Ng5 Qxd5 18.Qxd5 Nxd5 19.Nxe4 f5 20.c4 fxe4 21.cxd5 Bc5 22.h3 Rf5
23.Be3 Bxe3 24.Rxe3 Rc2 25.Rf1 Rxd5 26.Rxe4 h6 27.Rfe1 Rb2 28.Re8+ Kh7 29.R8e3 b5
30.Rg3 b4 31.h4 Rd4 32.Rh3 Rf4 33.Re7 Rbxf2 34.Rxa7 Rb2 35.Kh2 Rg4 36.Rg3 Rxh4+
37.Kg1 Rb1+ 38.Kf2 Rb2+  1/2-1/2

[Event "EuTCh w"]
[Site "Plovdiv BUL"]
[Date "2003.10.20"]
[Round "9"]
[White "Moser,E"]
[Black "Voiska,M"]
[Result "1/2-1/2"]
[WhiteElo "2339"]
[BlackElo "2368"]

1.e4 d6 2.d4 Nf6 3.Nc3 e5 4.Nf3 Nbd7 5.Bc4 Be7 6.O-O O-O 7.Re1 c6 8.a4 a5
9.Ba2 exd4 10.Nxd4 Nc5 11.Qf3 Be6 12.Bxe6 fxe6 13.Qh3 Qd7 14.Bg5 Rad8 15.Rad1 e5
16.Qxd7 Rxd7 17.Nf5 Rf7 18.Nxe7+ Rfxe7 19.f3 Kf7 20.Rd2 h6 21.Be3 b6 22.Rde2 Rb7
23.b3 Red7 24.g4 h5 25.g5 Ne8 26.f4 exf4 27.Bxf4 Re7 28.Kg2 Re6 29.Kf3 Kg6
30.h4 Rf7 31.Kg3 Rfe7 32.Kf3 Rf7 33.Kg3 Rfe7 34.Kf3  1/2-1/2

[Event "300 Years Women"]
[Site "St Petersburg RUS"]
[Date "2003.10.22"]
[Round "5"]
[White "Zozulia,A"]
[Black "Shumiakina,T"]
[Result "1/2-1/2"]
[WhiteElo "2332"]
[BlackElo "2355"]

1.e4 d6 2.d4 Nf6 3.Nc3 e5 4.Nf3 Nbd7 5.Bc4 Be7 6.O-O O-O 7.Re1 c6 8.a4 b6
9.b3 a6 10.d5 cxd5 11.Nxd5 Nxd5 12.Qxd5 Rb8 13.Ba3 Bb7 14.Qd3 Qc7 15.Rad1 Nc5  1/2-1/2

[Event "CCAS Open"]
[Site "Cap d'Agde FRA"]
[Date "2003.10.23"]
[Round "1"]
[White "Paragua,M"]
[Black "Lauer,L"]
[Result "1-0"]
[WhiteElo "2500"]
[BlackElo "2141"]

1.e4 d6 2.d4 Nf6 3.Nc3 e5 4.Nf3 exd4 5.Nxd4 Be7 6.g3 d5 7.Bg2 dxe4 8.Nxe4 O-O
9.O-O c6 10.c3 Re8 11.Qc2 Nbd7 12.Rd1 Qa5 13.Ng5 h6 14.b4 Qb6 15.Ngf3 a5
16.Rb1 Nf8 17.Ne5 axb4 18.cxb4 c5 19.Nc4 Qa6 20.bxc5 Bxc5 21.Bb2 Bg4 22.Rdc1 Rac8
23.Qb3 b6 24.Ne3 Rcd8 25.Rc4 Qc8 26.Nc6 Be6 27.Bxf6 Bxc4 28.Qxc4 Bxe3 29.Bxd8 Bxf2+
30.Kh1 Qd7 31.Qd5  1-0

[Event "WYg18"]
[Site "Halkidiki GRE"]
[Date "2003.10.25"]
[Round "3"]
[White "Paridar,S"]
[Black "Bashkite,V"]
[Result "1-0"]
[WhiteElo "2253"]
[BlackElo "2131"]

1.e4 d6 2.d4 Nf6 3.Nc3 c6 4.a4 Qa5 5.Bd3 e5 6.Ne2 Bg4 7.f3 Bh5 8.Be3 Na6
9.O-O Be7 10.Qd2 Qc7 11.Kh1 O-O 12.g4 Bg6 13.Ng3 Nb4 14.Nf5 exd4 15.Bxd4 c5
16.Nb5 Qd7 17.Bc3 Nxd3 18.Qxd3 Bxf5 19.gxf5 Ne8 20.e5 a6 21.Na3 f6 22.Qd5+ Kh8
23.Nc4 Qc6 24.Qe6 Bd8 25.exd6 Rb8 26.a5 g6 27.Rad1 Ng7 28.Qe4 Nxf5 29.Qxc6 bxc6
30.Rfe1 Kg7 31.d7 Rf7 32.Re6 Rb7 33.Nb6 Ne7  1-0

[Event "29th Guernsey Open"]
[Site "Les Dicqs GCI"]
[Date "2003.10.25"]
[Round "7"]
[White "Reijneveld,A"]
[Black "Goater,Kev"]
[Result "0-1"]
[WhiteElo "2220"]
[BlackElo "2149"]

1.Nc3 d6 2.d4 c6 3.e4 Nf6 4.f4 Qa5 5.Bd3 e5 6.Nf3 Nbd7 7.Bd2 Qb6 8.Ne2 exd4
9.Nexd4 Nc5 10.Qe2 Nxd3+ 11.cxd3 c5 12.Nb3 Be7 13.Bc3 O-O 14.Nbd2 Bd7 15.O-O Rfe8
16.Rae1 Qc7 17.Ng5 h6 18.Qf3 Bc6 19.d4 b5 20.b3 a5 21.d5 Bb7 22.Qg3 Nh5 23.Qg4 Nf6
24.Qf3 a4 25.Re3 axb3 26.axb3 Bd8 27.Qg3 Nh5 28.Qg4 Nf6 29.Qh4 Nxd5 30.Bxg7 Kxg7
31.Rg3 hxg5 32.Rxg5+ Bxg5 33.Qxg5+ Kf8 34.Qh6+ Ke7 35.exd5 Kd8 36.Nf3 Kc8
37.Qh5 Kb8 38.Ng5 Bxd5 39.Rd1 Bxb3 40.Rc1 Kb7 41.Qf3+ Qc6 42.Qxb3 Re2 43.Qxf7+ Kb6
44.Nf3 Raa2 45.Nd4 Qxg2+  0-1

[Event "CCAS Open"]
[Site "Cap d'Agde FRA"]
[Date "2003.10.27"]
[Round "6"]
[White "Chomet,P"]
[Black "Lambert,T"]
[Result "1-0"]
[WhiteElo "2356"]
[BlackElo "2059"]

1.e4 d6 2.d4 Nf6 3.Nc3 Nbd7 4.Nf3 e5 5.a4 Be7 6.Bc4 O-O 7.O-O c6 8.Re1 b6
9.d5 Bb7 10.b3 cxd5 11.Nxd5 Nxd5 12.Bxd5 Bxd5 13.Qxd5 Nf6 14.Qd1 Qc7 15.Bg5 Ne8
16.Bxe7 Qxe7 17.Qd3 Nf6 18.a5 Rfd8 19.c4 Rab8 20.axb6 axb6 21.Nd2 Qb7 22.h3 b5
23.cxb5 Qxb5 24.Qxb5 Rxb5 25.Rec1 Rc5 26.Rxc5 dxc5 27.Kf1 Kf8 28.Ke2 Ke7
29.Ra5 Nd7 30.Kd3 Nb6+ 31.Kc3 Kd6 32.Ra6 Rb8 33.Nc4+ Kc6 34.Nxe5+ Kb7 35.Rxb6+  1-0

[Event "WYg16"]
[Site "Halkidiki GRE"]
[Date "2003.10.27"]
[Round "5"]
[White "Dauletova,G"]
[Black "Fominykh,M"]
[Result "0-1"]
[WhiteElo "2029"]
[BlackElo "2237"]

1.e4 d6 2.d4 Nf6 3.Nc3 e5 4.Nf3 Nbd7 5.Bc4 Be7 6.O-O O-O 7.Re1 c6 8.a4 b6
9.b3 a6 10.Bb2 Rb8 11.Qd2 b5 12.Bd3 Re8 13.Ne2 Bf8 14.Ng3 Qc7 15.axb5 axb5
16.c4 exd4 17.Nxd4 bxc4 18.Bxc4 d5 19.Bd3 Nc5 20.exd5 Rxe1+ 21.Rxe1 Nxd3
22.Qxd3 Nxd5 23.Ndf5 f6 24.Re4 Qb6 25.Nd4 Ba6 26.Qf3 Rb7 27.Ngf5 Qa5 28.h3 Qd2
29.Nxc6 Qxb2 30.Ra4 Qc1+  0-1

[Event "LXVIII ch-ESP Abierto"]
[Site "Burgos ESP"]
[Date "2003.10.29"]
[Round "6"]
[White "Molina Vinas,M"]
[Black "Argandona Rivero,I"]
[Result "1-0"]
[WhiteElo "2132"]
[BlackElo "2344"]

1.e4 d6 2.d4 Nf6 3.Nc3 e5 4.Nf3 Nbd7 5.Bc4 Be7 6.Bxf7+ Kxf7 7.Ng5+ Kg8 8.Ne6 Qe8
9.Nxc7 Qg6 10.Nxa8 Qxg2 11.Rf1 exd4 12.Qe2 Ne5 13.f4 Qxe2+ 14.Kxe2 Bg4+ 15.Kf2 Nc4
16.b3 dxc3 17.bxc4 Nxe4+ 18.Kg2 Kf7 19.Nc7 Bh4 20.f5 Nf6 21.Ba3 Rc8 22.Nb5 Kg8
23.Nxd6 Rc7 24.Rf4 Bg5 25.Rd4 Re7 26.Nxb7 Re2+ 27.Kf1 Rd2 28.Rd8+ Rxd8 29.Nxd8 Bxf5
30.Bc1 Bd2 31.Ke2 Ne4 32.Nc6 Bg4+ 33.Kf1 a6 34.a4 Nd6 35.Ne5 Be6 36.c5 Nf5  1-0

[Event "LXVIII ch-ESP Abierto"]
[Site "Burgos ESP"]
[Date "2003.10.30"]
[Round "7"]
[White "Pascual Paredes,J"]
[Black "Vassallo,M"]
[Result "0-1"]
[WhiteElo "2252"]
[BlackElo "2384"]

1.e4 d6 2.d4 Nf6 3.Nc3 e5 4.dxe5 dxe5 5.Qxd8+ Kxd8 6.Bc4 Be6 7.Bxe6 fxe6
8.f3 Bd6 9.Be3 a6 10.Nh3 Ke7 11.O-O Nc6 12.Ne2 Rhd8 13.Rfd1 b5 14.Nf2 h6
15.c3 Na5 16.b3 Nb7 17.Nd3 Nd7 18.f4 exf4 19.Bxf4 Bxf4 20.Nexf4 g5 21.Ne2 c5
22.Ng3 Nd6 23.c4 bxc4 24.bxc4 Nxc4 25.Rdc1 Ndb6 26.Nxc5 Rd2 27.Rd1 Rxd1+
28.Rxd1 a5 29.Kf2 Ne5 30.Rb1 Rc8 31.Nxe6 Rc2+ 32.Kg1 Nbc4 33.Nf5+ Kf6 34.a4 Nd2
35.Ned4 Nxb1 36.Nxc2 Nc3 37.Nxh6 Nxa4 38.Nf5 Nc5 39.Ng3 Nc4 40.Kf2 Ke5 41.Ke2 Nxe4
42.Nxe4 Kxe4 43.h3 Nd6 44.Na3 Kf4 45.Nc2 Kg3 46.Ne3 a4 47.Kf1 a3  0-1

[Event "WYg18"]
[Site "Halkidiki GRE"]
[Date "2003.10.31"]
[Round "9"]
[White "Tsereteli,T"]
[Black "Bronnikova,E"]
[Result "0-1"]
[WhiteElo "2286"]
[BlackElo "2271"]

1.e4 d6 2.d4 Nf6 3.Nc3 c6 4.Nf3 g6 5.g3 Bg7 6.Bg2 O-O 7.O-O Qc7 8.a4 a5 9.h3 e5
10.Be3 Re8 11.Qd2 Be6 12.Rad1 Na6 13.Nh4 Nb4 14.f4 Nh5 15.f5 Bc4 16.Rf3 d5
17.g4 dxe4 18.Rf2 exd4 19.gxh5 dxc3 20.bxc3 Rad8 21.Qe1 Rxd1 22.Qxd1 Nd5
23.Qc1 Qg3 24.h6 Be5 25.Qd1  0-1

[Event "Autumn"]
[Site "Venice ITA"]
[Date "2003.10.31"]
[Round "2"]
[White "Fattorelli,L"]
[Black "Laketic,G"]
[Result "1/2-1/2"]
[WhiteElo "2169"]
[BlackElo "2399"]

1.e4 d6 2.d4 Nf6 3.Nc3 e5 4.dxe5 dxe5 5.Qxd8+ Kxd8 6.Bc4 Be6 7.Bxe6 fxe6
8.f3 a6 9.Be3 Bd6 10.Nh3 Ke7 11.O-O-O Nbd7 12.Nf2 Rhd8 13.Ne2 b5 14.b3 Nc5
15.Kb2 a5 16.Nc1 Rdb8 17.Ncd3 Ncd7 18.c3 c5 19.Kc2 a4 20.Nb2 a3 21.Nbd3 c4
22.Nc1 Bc5 23.Bxc5+ Nxc5 24.b4 Na4 25.Rd2 Rf8 26.Ne2 h6 27.Ng3 Nb2 28.Re1 g6
29.Nf1 h5 30.Ne3 Ra7 31.Ree2 Nd7 32.Kb1 Nb6 33.Nc2 Rfa8 34.Ne1 N2a4 35.Nd1 Nd7  1/2-1/2

[Event "Bundesliga 2003-4"]
[Site "Katernberg GER"]
[Date "2003.11.01"]
[Round "1"]
[White "Emms,J"]
[Black "Siebrecht,S"]
[Result "1-0"]
[WhiteElo "2520"]
[BlackElo "2435"]

1.e4 d6 2.d4 Nf6 3.Nc3 e5 4.Nf3 Nbd7 5.Bc4 Be7 6.O-O O-O 7.a4 c6 8.Re1 b6
9.Ba2 a6 10.h3 Bb7 11.dxe5 dxe5 12.Nh4 b5 13.Nf5 Nc5 14.Qf3 Bc8 15.Nxe7+ Qxe7
16.axb5 cxb5 17.Bg5 Be6 18.Nd5 Bxd5 19.Bxd5 Rac8 20.b4 Ne6 21.Bxf6 Qxf6 22.Qxf6 gxf6
23.Rxa6 Rxc2 24.Re3 Rb2 25.Rg3+ Kh8 26.Bxe6 fxe6 27.Ra7 Rg8 28.Rc3 Rb1+ 29.Kh2 Rxb4
30.Rcc7 Rg6 31.Rxh7+ Kg8 32.Rhe7 Kh8 33.Rh7+ Kg8 34.Rhe7 Kh8 35.Re8+ Rg8
36.Rxe6 Rg7 37.Ra8+ Kh7 38.Rxf6 Rxe4 39.Rb8 Rb4 40.Re6 e4 41.Rbe8 Rb2 42.Rxe4 Rxf2
43.Rh4+ Kg6 44.Rg4+ Kf7 45.Rxg7+ Kxg7 46.Rb8 Rb2 47.Rb6 b4 48.Kg3 b3 49.h4 Rb1
50.Kg4 Rg1 51.g3 Rb1 52.Kg5 b2 53.g4 Kf7 54.h5 Kf8 55.Rb7 Kg8 56.h6 Rc1 57.Rxb2 Kh7
58.Rb7+ Kh8 59.Kh5 Rc5+ 60.g5 Ra5 61.Re7 Rb5 62.Kg6 Rb8 63.Kf5 Rf8+ 64.Kg4 Rg8
65.Kh5 Ra8 66.g6 Rb8 67.Rd7 Ra8 68.Kg5 Re8 69.Kf6 Kg8 70.Rg7+ Kh8 71.Re7 Ra8
72.Rd7 Re8 73.Kf7 Rg8 74.Rd6 Rf8+ 75.Ke7 Rg8 76.Rd8 Rxd8 77.Kxd8 Kg8 78.Ke7 Kh8
79.g7+  1-0

[Event "Bundesliga 2003-4"]
[Site "Kreuzberg GER"]
[Date "2003.11.01"]
[Round "1"]
[White "Migl,D"]
[Black "Schwarz,Mic"]
[Result "0-1"]
[WhiteElo "2255"]
[BlackElo "2409"]

1.e4 d6 2.d4 Nf6 3.Nc3 c6 4.g3 Nbd7 5.Bg2 e5 6.Nge2 b5 7.d5 Bb7 8.Bg5 Be7
9.O-O O-O 10.Bxf6 Nxf6 11.a4 b4 12.dxc6 Bxc6 13.Nd5 Nxd5 14.exd5 Bd7 15.f4 Rc8
16.f5 g6 17.g4 Bh4 18.Qd3 Qg5 19.Kh1 Qxg4 20.Be4 Kh8 21.Rg1 Qh5 22.Raf1 Bxa4
23.b3 Bd7 24.Qh3 g5 25.Qe3 Bb5 26.Rg2 f6 27.Ra1 a6 28.Bd3 Rc5 29.Bxb5 Rxb5
30.Qd3 Qf7 31.c4 bxc3 32.Nxc3 Rxb3 33.Qc4 Qb7 34.Ne4 Rc8 35.Qxa6 Rb1+ 36.Rg1 Rxg1+
37.Kxg1 Rc1+ 38.Kg2 Qb2+ 39.Kh3 g4+ 40.Kxg4 Qg2+ 41.Ng3  0-1

[Event "TCh-BEL 2003-4"]
[Site "Belgium BEL"]
[Date "2003.11.02"]
[Round "3"]
[White "Naiditsch,A"]
[Black "Eliet,N"]
[Result "1/2-1/2"]
[WhiteElo "2578"]
[BlackElo "2432"]

1.e4 d6 2.d4 Nf6 3.Nc3 e5 4.dxe5 dxe5 5.Qxd8+ Kxd8 6.Bc4 Ke8 7.Bd2 Bd6 8.Nge2 a6
9.f4 Nc6 10.O-O exf4 11.Nxf4 Ne5 12.Bb3 c6 13.h3 Bc5+ 14.Kh1 b5 15.Nd3 Nxd3
16.cxd3 Be6 17.Bxe6 fxe6 18.a4 b4 19.Ne2 Rd8 20.Nf4 Nxe4 21.Be1 e5 22.Ne6 Rxd3
23.Nxg7+ Kd7 24.Rf7+ Kd6 25.a5 Rd8  1/2-1/2